Missing outcomes in clinical trials : considerations for failure-time and longitudinal data /

Saved in:
Bibliographic Details
Main Author: Anderson, Janet Woodward.
Corporate Author: Harvard School of Public Health.
Format: Book
Language:English
Published: 1996.
Subjects:
Tags: Add Tag
No Tags, Be the first to tag this record!
LEADER 00764nam a2200217 a 4500
001 007780942-4
005 20020606104010.5
008 980505s1996 xxu b 000|0 eng d
035 0 |a ocm80922967 
100 1 |a Anderson, Janet Woodward. 
245 1 0 |a Missing outcomes in clinical trials :  |b considerations for failure-time and longitudinal data /  |c Janet Woodward Anderson. 
260 |c 1996. 
300 |a xiv, 106 leaves ;  |c 29 cm. 
502 |a Thesis (Doctor of Science)--Harvard School of Public Health, 1996. 
504 |a Includes bibliographical references. 
650 0 |a Missing observations (Statistics). 
650 0 |a Failure time data analysis. 
650 0 |a Longitudinal method. 
710 2 |a Harvard School of Public Health. 
988 |a 20020608 
906 |0 MH